Online Catalogue and eLibrary

How to change the world : (Record no. 2638)

MARC details
000 -LEADER
fixed length control field 00419nam a2200157Ia 4500
005 - DATE AND TIME OF LATEST TRANSACTION
control field 20240606003315.0
008 - FIXED-LENGTH DATA ELEMENTS--GENERAL INFORMATION
fixed length control field 240331s9999 xx 000 0 und d
020 ## - INTERNATIONAL STANDARD BOOK NUMBER
ISBN 0195138058
082 ## - DDC Classification
Item Number - Author Mark BOR
Class No. 361
100 ## - MAIN ENTRY--PERSONAL NAME
Personal name Bornstein,D
245 #0 - TITLE STATEMENT
Title How to change the world :
Remainder of title social entrepreneurs and the power of new ides
650 ## - SUBJECT ADDED ENTRY--TOPICAL TERM
Topical term or geographic name entry element Social action
650 ## - SUBJECT ADDED ENTRY--TOPICAL TERM
Topical term or geographic name entry element Social service
650 ## - SUBJECT ADDED ENTRY--TOPICAL TERM
Topical term or geographic name entry element Social reformers
942 ## - Koha item type (Biblio)
Koha item type Books in Stacks (Lending)
Holdings
Lost status Damaged status Collection code Home library Current library Shelving location Date acquired Full call number Accession Number Item type
    Lending WERC Library WERC Library Social Science Cupboard 03/31/2024 361.2 BOR 6514 Books in Stacks (Lending)

© WERC Library